000 01062nam a2200253 a 4500
001 BS0003696
003 BR-BrBNA
005 20230418192403.0
008 230308b |||||||| |||| 00| 0 por d
040 _aBR-BrBNA
_bpor
_cBiblioteca Nacional de Agricultura
041 _apor
072 _aB60
090 _aB60 BS0003696
100 1 _aAndrade, Carlos Drummond, de
100 1 _aMonteiro, salvador
100 1 _aKaz, Leonel
245 1 _aDrummond frente e verso :
_bFotobiografia de Carlos Drummond de Andrade /
260 3 _aRio de Janeiro, RJ:
_bEdições Alumbramento,
_c1998.
300 _a205 p.
520 3 _aEsta obra é uma foto biografia de um dos maiores expoentes do movimento modernismo brasileiro, no campo da literatura - Carlos Drummond de Andrade. O livro apresenta mais de 550 imagens relacionadas ao movimento modernista além de textos de Telê Ancona Lopez e Ferreira Gullar, sobre as raízes do movimento e sua influência literária e artística.
650 _aBIOGRAFIA
909 _a202304
_bSergio Santos
_c56
_dSergio Santos
942 _cBK
999 _c8759
_d8759